Normal view
MARC view
Entry Uniform Title
001 - CONTROL NUMBER
- control field: 27932
003 - CONTROL NUMBER IDENTIFIER
- control field: dpl
005 - DATE AND TIME OF LATEST TRANSACTION
- control field: 20110510105838.0
008 - FIXED-LENGTH DATA ELEMENTS
- fixed length control field: 110510|||a|||||| | ||| d
040 ## - CATALOGING SOURCE
- Original cataloging agency: dpl
- Transcribing agency: dpl
130 ## - HEADING--UNIFORM TITLE
- Uniform title: लोकोदय ग्रन्थमालाःग्रन्थांक 996 / रवीन्द्र कालिया द्वारा संपादित
670 ## - SOURCE DATA FOUND
- Source citation: Work cat.: (dpl): विजय किशोर मानव 27931, आँधी में यात्रा /, 2009
670 ## - SOURCE DATA FOUND
- Source citation: Work cat.: (dpl): विजय किशोर मानव 27931, आँधी में यात्रा /, 2009
